Γυναίκες και φύλα στα έργα του Γρηγορίου Ξενόπουλου : ταυτότητες, αναπαραστάσεις και σχέσεις : μεταπτυχιακή διπλωματική εργασία

Αποθηκεύτηκε σε:
Λεπτομέρειες βιβλιογραφικής εγγραφής
Κύριος συγγραφέας: Παπασταματέλου, Παρασκευή
Συγγραφή απο Οργανισμό/Αρχή: Πανεπιστήμιο Αιγαίου Σχολή Ανθρωπιστικών Επιστημών Τμήμα Επιστημών της Προσχολικής Αγωγής και του Εκπαιδευτικού Σχεδιασμού Πρόγραμμα Μεταπτυχιακών Σπουδών Φύλο και Νέα Εκπαιδευτικά και Εργασιακά Περιβάλλοντα στην Κοινωνία της Πληροφορίας
Άλλοι συγγραφείς: Αναγνωστοπούλου, Διαμάντη (Εισηγητής διατριβής)
Μορφή: Thesis Βιβλίο
Γλώσσα:Greek
Δημοσίευση: 2009
Θέματα:
Διαθέσιμο Online:http://hdl.handle.net/11610/14105
Ετικέτες: Προσθήκη ετικέτας
Δεν υπάρχουν, Καταχωρήστε ετικέτα πρώτοι!

MARC

LEADER 00000cam a2200000 i 4500
001 1/4305
008 100209s2009 gre d
035 |l 10106709 
040 |a GR-MY-UA  |b gre  |e aacr 
041 0 |a gre 
082 0 |a 808.803522  |2 (22) 
100 1 |a Παπασταματέλου, Παρασκευή. 
245 1 0 |a Γυναίκες και φύλα στα έργα του Γρηγορίου Ξενόπουλου :  |b ταυτότητες, αναπαραστάσεις και σχέσεις : μεταπτυχιακή διπλωματική εργασία /  |c Παρασκευή Παπασταματέλου ; επιβλέπουσα: Διαμάντη Αναγνωστοπούλου 
260 |c 2009 
300 |a 85 σ.;  |c 30 εκ. 
500 |a Μέλη εξεταστικής επιτροπής: Μαρία Γκασούκα, Ιωάννης Παπαδάτος 
502 |a Διατριβή (μεταπτυχιακή) – Πανεπιστήμιο Αιγαίου, Ρόδος, 2009. 
504 |a Βιβλιογραφία: σ. 79-85 
600 1 0 |a Ξενόπουλος, Γρηγόριος,   |d 1867-1951. 
650 0 0 |a Women  |z Greece  |x Social conditions. 
650 0 0 |a Women and literature  |z Greece. 
650 0 0 |a Dissertations, Academic  |z Greece. 
700 1 |a Αναγνωστοπούλου, Διαμάντη.  |4 ths 
710 1 |a Πανεπιστήμιο Αιγαίου   |b Σχολή Ανθρωπιστικών Επιστημών   |b Τμήμα Επιστημών της Προσχολικής Αγωγής και του Εκπαιδευτικού Σχεδιασμού   |b Πρόγραμμα Μεταπτυχιακών Σπουδών Φύλο και Νέα Εκπαιδευτικά και Εργασιακά Περιβάλλοντα στην Κοινωνία της Πληροφορίας. 
852 |a INST  |b RHODES  |c DIATR  |e 20100216  |h 808.803522 ΠΑΠ  |p 005400032455  |q 005400032455  |t MTXE  |y 23 
852 |a INST  |b RHODES  |c DIATR  |e 20100216  |h 808.803522 ΠΑΠ  |p 005400032456  |q 005400032456  |t MTXE  |y 23 
856 |u http://hdl.handle.net/11610/14105 
901 |a BIBL4-2010-1 
909 |a Ρ  |b 159724 
909 |a Ρ  |b 159725 
924 |a ΠΑΠΑΣΤΑΜΑΤΕΛΟΥ  |b ΠΑΡΑΣΚΕΥΗ  |y ΡΟΔΟΣ  |z 2009-06 
970 |a ΚΟΖΑ  |b ΜΑΡΙΑ  |z 2010/02/09